| 000 | 01333cam a2200313 4500 | ||
|---|---|---|---|
| 001 | J94078 | ||
| 008 | 090401t1998 xxu||||| |||| 00| 0 eng d | ||
| 035 | _a(Sirsi) u88683 | ||
| 041 | _aeng | ||
| 050 | _a346.41072 | ||
| 110 |
_aIncorporated Society of Valuers and Auctioneers _91201 |
||
| 245 | _aIs it mine? Title to works of art under English law and international conventions. (Seminar held at) ISVA Headquarters, London ... 31 March 1998. | ||
| 260 |
_aLondon _bISVA _c1998 |
||
| 300 | _a5 items in folder ; 30cm. | ||
| 350 | _a0 | ||
| 520 | _aPapers:- Implied terms in the Sale of Goods Act 1979./ ANTONY GRIFFITHS - Passing of title to the good faith buyer./ RUTH REDMOND-COOPER - Tracing and recovering stolen art or the proceeds of sale./ JANET ULPH - Conversion, trespass and title to art works./ NORMAN PALMER - The EU directive and the UNIDROIT convention./ RUTH REDMOND-COOPER. | ||
| 650 |
_aArts and antiques _96217 |
||
| 650 | _aCHATTELS | ||
| 650 | _aCULTURAL PROPERTY | ||
| 650 | _aNEMO DAT | ||
| 650 | _aRETURN OF CULTURAL OBJECTS REGULATIONS 1994 | ||
| 650 | _aSALE OF GOODS ACT 1979 | ||
| 650 | _aSI 1994:501 | ||
| 650 | _aSTOLEN ART | ||
| 650 | _aCONVENTION ON STOLEN OR ILLEGALLY EXPORTED CULTURAL OBJECTS 1995 | ||
| 690 |
_aArts and antiques _96217 |
||
| 942 | _n0 | ||
| 948 | _c25/09/1998 | ||
| 999 |
_c97368 _d97368 |
||